logo

Bir Sreshtho Munshi Abdur Rouf Library
Jhenaidah Cadet College

The Islamic Meridian a way to Muslim Solidarity / (Record no. 6272)

MARC details
000 -LEADER
fixed length control field 00610nam a2200229 a 4500
001 - CONTROL NUMBER
JCCL Control Number 6272
003 - CONTROL NUMBER IDENTIFIER
JCCL marc code BD-JhCC
005 - DATE AND TIME OF LATEST TRANSACTION
control field 20180118181146.0
008 - FIXED-LENGTH DATA ELEMENTS--GENERAL INFORMATION
fixed length control field 180118s1979 B |||| || | 000 0 eng d
035 ## - SYSTEM CONTROL NUMBER
system control number (BD-JhCC)6272
040 ## - CATALOGING SOURCE
Original cataloging agency BD-JhCC
Modifying agency BD-JhCC
041 ## - LANGUAGE CODE
Language code of Book eng
082 ## - DEWEY DECIMAL CLASSIFICATION NUMBER
Classification number 297.55
Author mark and Year HUQ 1979
100 ## - MAIN ENTRY--PERSONAL NAME
Personal name Huq, Shah Syed Munirul
245 ## - TITLE STATEMENT
Title The Islamic Meridian a way to Muslim Solidarity /
Statement of responsibility, etc Shah Syed Munirul Huq,
260 ## - PUBLICATION, DISTRIBUTION, ETC. (IMPRINT)
Place of publication, distribution, etc Dacca :
Name of publisher, distributor, etc Islamic Foundation Bangladesh,
Date of publication, distribution, etc 1979.
300 ## - PHYSICAL DESCRIPTION
Pagination 43 p. :
Dimensions 20 cm.
650 ## - SUBJECT ADDED ENTRY--TOPICAL TERM
Topical term or geographic name as entry element Panislamism
650 ## - SUBJECT ADDED ENTRY--TOPICAL TERM
Topical term or geographic name as entry element Islam
942 ## - ADDED ENTRY ELEMENTS (KOHA)
Source of classification or shelving scheme Dewey Decimal Classification
Koha item type Books
Holdings
Source of classification or shelving scheme Damaged status Not for loan Home library Current library Shelving location Cost, normal purchase price Total Checkouts Full call number Barcode Date last seen Copy number Koha item type
Dewey Decimal Classification     JCC Rouf Library JCC Rouf Library General Stacks 6.00   297.55 HUQ 1979 665 01/18/2018 C - 1 Books

JCC Library | Contacts | JCC Home

Last Update on 23 September 2017
Copyright @ 2017-2020 JCC Rouf Library
Rouf Library, Jhenidah Cadet College (JCC), Bangladesh